000 00288nam a22001337a 4500
008 180903b xxu||||| |||| 00| 0 eng d
020 _a9780321716095
041 _aeng
080 _a33
100 _a59
101 _aBUS
245 _aBusiness Statistics
_cSharpe.d
942 _2udc
_cBK
999 _c47462
_d47462